000 00314nam a2200133 i 4500
001 bg
100 1 _aROZA, R.
245 0 _aMagnitogidrodinamiceskoe preobrazowanie energii /
_cR. Roza.
260 _aMoskwa,
_c1970.
040 _cBPK
041 _apol
942 _cKS
008 s pl f |000 0 pol
999 _c14667
_d14667
856 _uhttp://koha.tu.koszalin.pl/cgi-bin/koha/opac-detail.pl?biblionumber=14667
_yKatalog online BPK